| 000 | 00696nam a22002177a 4500 | ||
|---|---|---|---|
| 003 | OSt | ||
| 005 | 20230125100606.0 | ||
| 008 | 171014s2003 cr||||| |||| 00| 0 spa d | ||
| 020 | _a9977 12 875 8 | ||
| 040 | _cLado V | ||
| 082 | 0 | 4 |
_a861.44 _bQ8a |
| 100 |
_aQuirós A., Juan _9600 _eautor |
||
| 245 | _aAlma Multiculor: el irregistrable/ | ||
| 250 | _a1ra edición | ||
| 260 |
_aSan Jose, Costa Rica _c2006 |
||
| 300 |
_a60p. _c14x21cm |
||
| 650 |
_2Tesauro de Arte & Arquitectura _aPOESIA COSTERRICENSE |
||
| 650 |
_2Tesauro de Arte & Arquitectura _aLITERATURA COSTARRICENSE |
||
| 650 |
_2Tesauro de Arte & Arquitectura _aARTE |
||
| 942 |
_2ddc _c1 _h861.44 _iQ8a _n0 |
||
| 999 |
_c2865 _d2865 |
||